All Track 1s By Taylor Swift - Statistics

General Stats
  • This quiz has been taken 89 times
  • The average score is 10 of 11
Answer Stats
Hint Answer % Correct
Fearless Fearless
99%
TTPD Fortnight
99%
reputation ...Ready For It?
98%
folklore the 1
98%
1989 Welcome To New York
96%
Lover I Forgot That You Existed
95%
Midnights Lavender Haze
95%
Taylor Swift Tim McGraw
94%
evermore willow
94%
Speak Now Mine
91%
Red State Of Grace
91%
No matching quizzes found
Score Distribution
Percent of People with Each Score
Percentile by Number Answered
Your Score History
You have not taken this quiz